| 000 | 004860000a22001930004500 | ||
|---|---|---|---|
| 001 | 002659 | ||
| 003 | MACL | ||
| 005 | 20150902162630.0 | ||
| 008 | 150902b xxu||||| |||| 00| 0 eng d | ||
| 040 |
_aMACL _cMACL |
||
| 041 | _aEnglish | ||
| 082 | _a801.954/KAR | ||
| 100 |
_aKantak, V.Y. _98746 |
||
| 245 |
_aCritical Theory Western and Indian _cV.Y. Kantak |
||
| 260 |
_aDelhi _c1997 _bPencraft International, |
||
| 350 | _a350 | ||
| 650 |
_aLiterature _98747 |
||
| 942 |
_k802 _cBK _2ddc |
||
| 999 |
_c14568 _d14568 |
||